00600nam a22001097a 4500040000800000082002700008100001700035245030000052260002600352300002500378856008700403 cRUA aAVM CHA 2012 B103 Or.1 aCHAN, VUTHY. aeffects of casssva leaves and ivomec on nematode parasites in pig (ឥទ្ធិពលនៃស្លឹកដំឡូងមី និង អ៊ីវ៉ូមិក ( ivomec) ទៅលើព្រូនណេម៉ាតូត ក្នុងក្រពះពោះវៀនជ្រូក) aPhnom PenhbRUAc2012 ax, 42p.bill.c29cm. uhttps://drive.google.com/file/d/13my0tHKhfqoQKCOQq8-7VICYR0F8ROxU/view?usp=sharing